Guess the Real Madrid football player #2 - Statistics

General Stats
  • This quiz has been taken 90 times
  • The average score is 12 of 20
Answer Stats
Picture Answer % Correct
Cristiano Ronaldo
100%
Raphaël Varane
98%
Raúl González
88%
James Rodríguez
87%
Marcelo
73%
Álvaro Morata
64%
Nacho Fernández
64%
Xabi Alonso
63%
Theo Hernández
60%
Achraf Hakimi
59%
Gonzalo Higuaín
59%
Sami Khedira
58%
Mateo Kovačić
52%
Mariano Díaz
48%
Ricardo Kakà
41%
Clarence Seedorf
35%
Michael Laudrup
33%
Ricardo Carvalho
30%
Emmanuel Adebayor
24%
Raymond Kopa
18%
No matching quizzes found
Score Distribution
Percent of People with Each Score
Percentile by Number Answered
Your Score History
You have not taken this quiz